00915 a2200193 4500003000500000005001700005010001600022020001500038040000900053082001600062100002400078245005800102260003900160300003400199505029300233650003500526856008600561856007400647Nust20220803120629.0 a 98229027 a075063992X cNust00a621.314,GOT1 aGottlieb, Irving M.10aPractical Transformer Handbook /cIrving M. Gottlieb. aOxford ;aBoston :bNewnes,c1998. avii, 173 p. :bill. ;c24 cm. aAn overview of Transformers in Electrical Technology (Page-1), Specialized Transformer Devices (Page-25), Operational Features of Transformers (Page-49), Interesting Applications of Transformers (Page-78), High-Voltage Transformers (Page-104), Miscellaneous Transformer topics (Page-119). 0aTelecommunication Engineering.413Publisher descriptionuhttp://www.loc.gov/catdir/description/els033/98229027.html413Table of contentsuhttp://www.loc.gov/catdir/toc/els033/98229027.html